[Event "POL-ch sf"]
[Site "Nadole"]
[Date "1994.??.??"]
[Round "8"]
[White "Nowak, Rafal"]
[Black "Krol, Alan"]
[Result "1-0"]
[WhiteElo "2250"]
[BlackElo "2150"]
[PlyCount "71"]
[EventDate "1994.??.??"]
[EventType "swiss"]
[EventRounds "11"]
[EventCountry "POL"]
[SourceTitle "EXT 2001"]
[Source "ChessBase"]
[SourceDate "2000.11.22"]
[SourceVersion "1"]
[SourceVersionDate "2000.11.22"]
[SourceQuality "1"]

1. d4 Nf6 2. Bg5 g6 3. Bxf6 exf6 4. e3 Bg7 5. Nc3 f5 6. h4 d5 7. h5 Be6 8. Nge2 c6 9. Qd2 Nd7 10. Nf4 g5 11. h6 Bf8 12. Nxe6 fxe6 13. Be2 Nf6 14. f3 Qc7 15. 0-0-0 Ng8 16. e4 Bxh6 17. exf5 exf5 18. Bd3 Qd6 19. Rde1+ Kf7 20. Qe2 Qf6 21. g4 f4 22. Qh2 Rd8 23. Re5 Kg7 24. Bf5 Rd6 25. Rhe1 Qd8 26. Nd1 Rf6 27. Nf2 Rf7 28. Be6 Re7 29. Rh1 Qb6 30. Bxg8 Rxe5 31. Qxh6+ Kxg8 32. dxe5 Qe3+ 33. Kb1 Qxf2 34. Qxg5+ Kf8 35. Qf6+ Kg8 36. e6 1-0

[Event "POL-ch sf"]
[Site "Nadole"]
[Date "1994.??.??"]
[Round "6"]
[White "Pedzich, Dominik"]
[Black "Krol, Alan"]
[Result "1-0"]
[WhiteElo "2400"]
[BlackElo "2150"]
[PlyCount "51"]
[EventDate "1994.??.??"]
[EventType "swiss"]
[EventRounds "11"]
[EventCountry "POL"]
[SourceTitle "EXT 2001"]
[Source "ChessBase"]
[SourceDate "2000.11.22"]
[SourceVersion "1"]
[SourceVersionDate "2000.11.22"]
[SourceQuality "1"]

1. e4 e5 2. Nf3 Nc6 3. Nc3 Nf6 4. Bb5 Bb4 5. 0-0 d6 6. d3 0-0 7. Bg5 Bxc3 8. bxc3 Qe7 9. Re1 Nd8 10. d4 c6 11. Bf1 Ne6 12. Bc1 Qc7 13. g3 b6 14. a4 Bb7 15. Bg2 Rfe8 16. Nh4 Rad8 17. Nf5 Ba6 18. Qf3 b5 19. Nxg7 Nxg7 20. Qxf6 Re6 21. Qh4 bxa4 22. Rxa4 Bb5 23. Rxa7 Qb6 24. Be3 f6 25. d5 c5 26. Rxg7+ 1-0